NEC College Football Teams - Statistics

General Stats
  • This quiz has been taken 91 times
    18 since last reset
  • The average score is 7 of 9
Answer Stats
School Team Name/Colors % Correct
LIU Sharks
100%
Central Connecticut Blue Devils
83%
Robert Morris Colonials
78%
Saint Francis (PA) Red Flash
78%
Duquesne Dukes
72%
Mercyhurst Lakers
72%
Wagner Seahawks
72%
New Haven Chargers
67%
Stonehill Skyhawks
67%
No matching quizzes found
Score Distribution
Percent of People with Each Score
Percentile by Number Answered
Your Score History
You have not taken this quiz since the last reset